MARC details
| 000 -CABECERA |
| campo de control de longitud fija |
02822cam a2200469 i 4500 |
| 001 - NÚMERO DE CONTROL |
| campo de control |
991061737508206706 |
| 003 - IDENTIFICADOR DEL NÚMERO DE CONTROL |
| campo de control |
ES-BaIT |
| 005 - FECHA Y HORA DE LA ÚLTIMA TRANSACCIÓN |
| campo de control |
20260423133042.0 |
| 008 - DATOS DE LONGITUD FIJA--INFORMACIÓN GENERAL |
| campo de control de longitud fija |
260319e202511 spc|||| |||| 0|0 0 spa| |
| 015 ## - NÚMERO DE BIBLIOGRAFÍA NACIONAL |
| Número de bibliografía nacional |
LL2026 |
| Fuente |
bnc |
| 017 ## - NÚMERO DE COPYRIGHT O DE DEPÓSITO LEGAL |
| Número de copyright o de depósito legal |
DL B 14709-2025 |
| Agencia que asigna |
Biblioteca de Catalunya |
| 020 ## - NÚMERO INTERNACIONAL ESTÁNDAR DEL LIBRO |
| Número Internacional Estándar del Libro |
9788412966145 |
| 040 ## - FUENTE DE LA CATALOGACIÓN |
| Centro catalogador/agencia de origen |
ES-BaBC |
| Lengua de catalogación |
cat |
| Normas de descripción |
rda |
| Centro/agencia transcriptor |
ES-BaBC |
| 041 1# - CÓDIGO DE LENGUA |
| Código de lengua del texto/banda sonora o título independiente |
spa |
| Código de lengua original |
cat |
| 080 ## - NÚMERO DE LA CLASIFICACIÓN DECIMAL UNIVERSAL |
| Número de la Clasificación Decimal Universal |
791/793 |
| Subdivisión auxiliar común |
-051 |
| -- |
-055.2:308 |
| Identificador de la edición |
2004 |
| 080 ## - NÚMERO DE LA CLASIFICACIÓN DECIMAL UNIVERSAL |
| Número de la Clasificación Decimal Universal |
159.923.2 |
| Subdivisión auxiliar común |
-055.1/.3:793.3 |
| Identificador de la edición |
2004 |
| 080 ## - NÚMERO DE LA CLASIFICACIÓN DECIMAL UNIVERSAL |
| Número de la Clasificación Decimal Universal |
791/793:159.922.1 |
| Identificador de la edición |
2004 |
| 080 ## - NÚMERO DE LA CLASIFICACIÓN DECIMAL UNIVERSAL |
| Número de la Clasificación Decimal Universal |
793.2 |
| 100 1# - ENTRADA PRINCIPAL--NOMBRE DE PERSONA |
| Nombre de persona |
D'Ascenzi, Antonella |
| Término indicativo de función/relación |
autor |
| 9 (RLIN) |
169291 |
| 240 1# - TÍTULO UNIFORME |
| Título uniforme |
Dones que habiten cossos. |
| Lenguaje de la obra |
Castellà |
| 9 (RLIN) |
169292 |
| 245 10 - MENCIÓN DE TÍTULO |
| Título |
Mujeres que habitan cuerpos : |
| Resto del título |
un discurso de género desde la danza / |
| Mención de responsabilidad, etc. |
Antonella D'Ascenzi |
| 250 ## - MENCIÓN DE EDICIÓN |
| Mención de edición |
Primera edición |
| 264 #1 - PRODUCCIÓN, PUBLICACIÓN, DISTRIBUCIÓN, FABRICACIÓN Y COPYRIGHT |
| Producción, publicación, distribución, fabricación y copyright |
El Masnou, Maresme, Barcelona : |
| Nombre del de productor, editor, distribuidor, fabricante |
Neret Edicions, |
| Fecha de producción, publicación, distribución, fabricación o copyright |
noviembre 2025 |
| 300 ## - DESCRIPCIÓN FÍSICA |
| Extensión |
461 pàgines : |
| Otras características físicas |
il·lustracions (algunes en color) ; |
| Dimensiones |
24 cm |
| 336 ## - TIPO DE CONTENIDO |
| Término de tipo de contenido |
text |
| Código de tipo de contenido |
txt |
| Fuente |
rdacontent |
| 337 ## - TIPO DE MEDIO |
| Nombre/término del tipo de medio |
sense mediació |
| Código del tipo de medio |
n |
| Fuente |
rdamedia |
| 338 ## - TIPO DE SOPORTE |
| Nombre/término del tipo de soporte |
volum |
| Código del tipo de soporte |
nc |
| Fuente |
rdacarrier |
| 490 1# - MENCIÓN DE SERIE |
| Mención de serie |
Art social ; |
| Designación de volumen o secuencia |
6 |
| 500 ## - NOTA GENERAL |
| Nota general |
Títol original: Dones que habiten cossos : un discurs de gènere des de la dansa |
| 504 ## - NOTA DE BIBLIOGRAFÍA, ETC. |
| Nota de bibliografía, etc. |
Bibliografia: pàgines 453-461 |
| 520 ## - SUMARIO, ETC. |
| Sumario, etc. |
"«Mujeres que habitan cuerpos» es una reflexión y una investigación sobre la preponderancia de los códigos patriarcales en los cuerpos de las mujeres, desarrollada a partir de la danza y el movimiento en los ámbitos cotidiano y escénico.Partiendo de su propia experiencia como mujer y creadora, y basándose en la investigación sobre el género a través de la danza que lleva a cabo con mujeres que han vivido cualquier grado de violencia, Antonella D’Ascenzi hace un recorrido entre la teoría feminista, los Cultural Studies y las metodologías cualitativas, observando de cerca y denominado los códigos que permanecen de forma desapercibida bajo la piel de cada cuerpo.La escucha, las preguntas, la sororidad, el goce y la expresión de la emoción con el movimiento serán las claves que Antonella pondrá en marcha —entre otras— para despertar los cuerpos fatigados, estresados, menguados, acompañándolos a un espacio nuevo, más amplio y diáfano, donde reconocerse: un espacio que cada mujer pueda, finalmente, habitar" -- Contracoberta |
| 586 ## - NOTA DE PREMIOS |
| Nota de premios |
Premi Escriu per l'Art Social 2023-2025 |
| 650 #0 - PUNTO DE ACCESO ADICIONAL DE MATERIA--TÉRMINO DE MATERIA |
| Término de materia o nombre geográfico como elemento de entrada |
Art i acció social |
| Fuente del encabezamiento o término |
lemac |
| 9 (RLIN) |
167994 |
| 650 #7 - PUNTO DE ACCESO ADICIONAL DE MATERIA--TÉRMINO DE MATERIA |
| Término de materia o nombre geográfico como elemento de entrada |
Dansa |
| Subdivisión general |
Aspectes socials |
| 9 (RLIN) |
56573 |
| 650 #0 - PUNTO DE ACCESO ADICIONAL DE MATERIA--TÉRMINO DE MATERIA |
| Término de materia o nombre geográfico como elemento de entrada |
Dones en les arts de l'espectacle |
| Subdivisión general |
Condicions socials |
| Fuente del encabezamiento o término |
lemac |
| 9 (RLIN) |
169293 |
| 650 #7 - PUNTO DE ACCESO ADICIONAL DE MATERIA--TÉRMINO DE MATERIA |
| Término de materia o nombre geográfico como elemento de entrada |
Identitat de gènere en la dansa |
| Fuente del encabezamiento o término |
|
| 9 (RLIN) |
57031 |
| 650 #0 - PUNTO DE ACCESO ADICIONAL DE MATERIA--TÉRMINO DE MATERIA |
| Término de materia o nombre geográfico como elemento de entrada |
Arts de l'espectacle |
| Subdivisión general |
Diferències entre sexes |
| 9 (RLIN) |
157332 |
| 830 ## - PUNTO DE ACCESO ADICIONAL DE SERIE-TÍTULO UNIFORME |
| Título uniforme |
Art social (Neret Edicions). |
| Lenguaje de la obra |
Castellà |
| Designación de volumen o secuencia |
6 |
| 9 (RLIN) |
157071 |
| 908 ## - COLOCAR PARÁMETRO DE COMANDO (RLIN) |
| Colocar parámetro de comando |
BC |
| -- |
CDMAE |
| 940 ## - EQUIVALENCIA O REFERENCIA-CRUZADA--TÍTULO UNIFORME [OBSOLETO] [solamente CAN/MARC] |
| Título uniforme |
<a href="BC">BC</a> |
| 942 ## - ELEMENTOS DE ENTRADA AGREGADA (KOHA) |
| Fuente del sistema de clasificación o colocación |
Clasificación decimal universal |
| Tipo de ítem Koha |
Llibre |